<?xml version="1.0" encoding="UTF-8"?>
<marc:record xmlns:marc="http://www.loc.gov/MARC21/slim">
   <marc:leader>00000nam a2200000 a 4500</marc:leader>
   <marc:datafield ind1="1" ind2=" " tag="100">
      <marc:subfield code="a">Schünemann, Christian</marc:subfield>
      <marc:subfield code="4">aut</marc:subfield>
      <marc:subfield code="e">Verfasser/-in</marc:subfield>
   </marc:datafield>
   <marc:datafield ind1=" " ind2=" " tag="653">
      <marc:subfield code="a">Erzählende Literatur: Gegenwartsliteratur ab 1945</marc:subfield>
   </marc:datafield>
   <marc:datafield ind1="0" ind2="0" tag="245">
      <marc:subfield code="a">Bis die Sonne scheint</marc:subfield>
   </marc:datafield>
   <marc:datafield ind1=" " ind2="1" tag="264">
      <marc:subfield code="b">Diogenes</marc:subfield>
      <marc:subfield code="c">2025</marc:subfield>
   </marc:datafield>
   <marc:datafield ind1="1" ind2=" " tag="520">
      <marc:subfield code="a">Es ist das Jahr 1983. Daniel steht kurz vor der Konfirmationund träumt von blauen Samtsakko und grauer Flanellhose.Doch seit er seine Eltern nächtlich belauscht hat, schwant ihm, dass daraus nichts wird. Hormanns sind pleite und wissen nicht mehr, wie sie die sechsköpfige Familie über die Runden bringen sollen. So erfinderisch die Eltern auch sind, eines können sie nicht: mit Geld umgehen. Was sie dagegen beherrschen: den Schein wahren, auch noch, als der Gerichtsvollzieher vor der Tür steht. Ein grandioser Roman über eine fast normale deutsche Familie.</marc:subfield>
   </marc:datafield>
   <marc:datafield ind1=" " ind2=" " tag="020">
      <marc:subfield code="a">9783257073317</marc:subfield>
      <marc:subfield code="9">9783257073317</marc:subfield>
   </marc:datafield>
</marc:record>
